000 00728nam a2200265Ia 4500
003 OSt
005 20220927105547.0
006 a|||||r|||| 00| 0
007 ta
008 220926b |||||||| |||| 00| 0 eng d
024 _a176942
037 _cReference Collections
040 _aRTL
_cRTL
_beng
041 _2eng
_aeng
082 _a"m1N45.N99, N9.1-3/UN"
110 _aUNITED NATIONS
245 0 _aDocuments index.
260 _aNew
_bYork United Nations
_c1999
300 _a"iv, 448p."
_ccm.
490 _v"Vol.1, No. 3"
500 _aDocuments and Publications; Part1
700 _aUNITED NATIONS
942 _h"m1N45.N99, N9.1-3/UN"
_cCC
999 _c693101
_d693101